000 00866 a2200205 4500
999 _c4489
_d4489
020 _a1852241845
050 _aPQ2605 CES 1995
100 _aCesaire, Aime
_eauthor
245 _aNotebook of a return to my native land = Cahier d'un retour au pays natal /
_cAim Čšaire ; translated by Mireille Rosello with Annie Pritchard ; introduction by Mireille Rosello
264 _aNewcastle upon Tyne:
_bBloodaxe Books,
_c1995
300 _a159p. :
_b22 cm
440 _aBloodaxe contemporary French poets ; 4
500 _aParallel texts in English and French, with critical matter in English
650 _aCšaire, Aim -̌- Translations into English
650 _aFrench poetry -- 20th century
700 _aRosello, Merreille
_etranslator
700 _aPritchard, Annie
_etranslator
700 _aRosello, Mireille
_eintroductions
942 _2lcc
_cBK
_h2605
_iCES
_kPQ